Lễ hội của người Chăm
Đã lưu trong:
| Tác giả chính: | |
|---|---|
| Định dạng: | Sách |
| Ngôn ngữ: | Vietnamese |
| Được phát hành: |
Hà Nội
Khoa học xã hội
2014
|
| Những chủ đề: | |
| Các nhãn: |
Thêm thẻ
Không có thẻ, Là người đầu tiên thẻ bản ghi này!
|
| Thư viện lưu trữ: | Trung tâm Học liệu Lê Vũ Hùng, Trường Đại học Đồng Tháp |
|---|
| LEADER | 00900aam a22003138a 4500 | ||
|---|---|---|---|
| 001 | 00032564 | ||
| 005 | 20171026081023.0 | ||
| 008 | 141009s2014 ||||||viesd | ||
| 020 | # | # | |a 9786049024108 |
| 041 | 0 | # | |a vie |
| 082 | 1 | 4 | |a 394.269 597 |b L250H |
| 100 | 1 | # | |a Sakaya |
| 245 | 1 | 0 | |a Lễ hội của người Chăm |c Sakaya |
| 260 | # | # | |a Hà Nội |b Khoa học xã hội |c 2014 |
| 300 | # | # | |a 606 tr. |c 21 cm. |b ảnh màu |
| 500 | # | # | |a ĐTTS ghi: Hội Văn nghệ dân gian Việt Nam |
| 653 | # | # | |a Dân tộc Chăm |
| 653 | # | # | |a Lễ hội |
| 653 | # | # | |a Lễ hội dân gian |
| 653 | # | # | |a Văn hóa dân gian |
| 852 | # | # | |b Kho đọc |j KD.0016160 |
| 852 | # | # | |j KD.0016160 |
| 910 | |d 9/10/2014 | ||
| 980 | # | # | |a Trung tâm Học liệu Lê Vũ Hùng, Trường Đại học Đồng Tháp |


